| Tag |
First Indicator |
Second Indicator |
Subfields |
| LEADER |
00000cam a2200000 a 4500 |
| 001 |
in00000012745 |
| 005 |
20151007051908.0 |
| 008 |
880323s1913 ne abf 00010 eng d |
| 035 |
|
|
|a (OCoLC)17664956
|
| 035 |
|
|
|9 AAA5321AM
|
| 040 |
|
|
|a TXA
|c TXA
|d UtOrBLW
|
| 049 |
|
|
|a TXAS [naut]
|
| 050 |
|
4 |
|a VM464
|b .I54 1913
|
| 110 |
2 |
|
|a International Tug Company (Rotterdam)
|
| 245 |
1 |
0 |
|a International Tug Company (Internationale Sleepdienst Maatsschappij).
|
| 264 |
|
1 |
|a Rotterdam :
|b The Company,
|c 1913.
|
| 300 |
|
|
|a 26 leaves of plates, 9 pages :
|b illustrations, 1 folded map ;
|c 24 x 32 cm.
|
| 336 |
|
|
|a text
|b txt
|2 rdacontent
|
| 337 |
|
|
|a unmediated
|b n
|2 rdamedia
|
| 338 |
|
|
|a volume
|b nc
|2 rdacarrier
|
| 610 |
2 |
0 |
|a International Tug Company (Rotterdam)
|
| 650 |
|
0 |
|a Tugboats.
|
| 999 |
|
|
|a MARS
|
| 999 |
f |
f |
|s 37d1bfd3-eba7-351e-b4a0-f4bb58b7b8d5
|i 26dafabf-7c71-396c-97e5-105079902f89
|t 0
|
| 952 |
f |
f |
|p noncirc
|a Texas A&M University
|b College Station
|c Cushing Memorial Library & Archives
|d Cushing: Maritime (Does not check out)
|t 0
|e VM464 .I54 1913
|h Library of Congress classification
|i unmediated -- volume
|
| 998 |
f |
f |
|a VM464 .I54 1913
|t 0
|l Cushing: Maritime (Does not check out)
|